Darts-Spieler nach Einlaufmusik #2 - Statistiken

Allgemein
  • Dieses Quiz wurde 595 mal gespielt
  • Das Durchschnittsergebnis liegt bei 6 aus 10
Antwortstatistiken
Song Spieler % Korrekt
Kölsche Jung - Brings Florian Hempel
89%
Eye of the Tiger - Survivor Raymond van Barneveld
89%
Sweet Caroline - Neil Diamond Daryl Gurney
79%
Wonderwall - Oasis Gabriel Clemens
79%
The Boys Are Back in Town - Thin Lizzy James Wade
66%
Don’t Look Back in Anger - Oasis Joe Cullen
62%
Hot Hot Hot - Arrow Rob Cross
62%
Last Friday Night - Katy Perry Fallon Sherrock
49%
Paranoid - Black Sabbath Ryan Searle
36%
Reach Up - Perfecto Allstarz Adrian Lewis
33%
Keine übereinstimmenden Quizze gefunden
Verteilung der Resultate
Anzahl Personen mit jedem Resultat
Perzentil nach korrekt beantworteten Fragen
Ihre Resultats-Entwicklung
Sie haben dieses Quiz noch nicht gespielt